Journal of the Royal Statistical Society. Series D, The Statistician

Saved in:
Bibliographic Details
Corporate Author: Royal Statistical Society (Great Britain)
Format: Serial
Language:English
Published: London : Blackwell Pub., 1993-
Subjects:
Tags: Add Tag
No Tags, Be the first to tag this record!

MARC

LEADER 00000nas a2200000 i 4500
001 1/37951
008 030630c19939999uk eng d
022 |a 00390526 
035 |l 10070351 
040 |a GR-MY-UA  |b gre  |e aacr 
041 0 |a eng 
082 0 |a 519.505 
245 1 0 |a Journal of the Royal Statistical Society.  |n Series D,  |p The Statistician  |h [περιοδικό] /  |c The Royal Statistical Society 
246 3 3 |a The Statistician 
260 |a London :   |b Blackwell Pub.,   |c 1993- 
300 |a v.;  |b ill.;  |c 25 cm. 
310 |a Four no. a year, 1994- ; 5 no. a year, 1993 
650 0 0 |a Statistics  |x Periodicals. 
710 2 |a Royal Statistical Society (Great Britain) 
853 |a INST  |b SAMOS  |c SER 
922 |a 3ΕΛΗ  |b 200306  |c ΤΣΑΕ  |d ΚΑΟΥΦΜΑΝ 
970 |a ΜΑΛΑΓΑΡΗ  |b ΦΩΤΕΙΝΗ  |z 20030630